Normal view
MARC view
- Cuentos tepehuanos
Entry Materia
001 - NÚMERO DE CONTROL DEL REGISTRO
- campo de control: 13464
003 - IDENTIFICADOR DE NUMERO DE CONTROL
- campo de control: MX-MxUPN
005 - FECHA Y HORA DE LA ÚLTIMA TRANSACCIÓN
- campo de control: 20230614111339.0
008 - DATOS DE LONGITUD FIJA
- campo de control de longitud fija: 230614nn anznnbabn n ana |d
035 ## - NÚMERO DE CONTROL DEL SISTEMA
- Número de control del sistema: UPN10000013472
040 ## - FUENTE DE LA CATALOGACIÓN
- Lengua de catalogación: SPA
- Agencia de transcripción: UPN
- Centro catalogador de origen: MX-MxUPN
150 ## - ENCABEZAMIENTO - TEMÁTICO
- Término de materia o nombre geográfico como elemento inicial: Cuentos tepehuanos
670 ## - FUENTE EN LA QUE SE LOCALIZARON DATOS
- Cita de la fuente: Escamilla González, G. Lista de encabezamientos de materia, 1978 :
- Información localizada: página 225 (Cuentos nahuas)
902 ## - CATALOGADOR
- Catalogador: LG/180297
- Catalogador: VíctorGodínez/140623
